| Tag |
First Indicator |
Second Indicator |
Subfields |
| LEADER |
00000cam a2200000Ii 4500 |
| 001 |
in00003605613 |
| 005 |
20160106150807.0 |
| 008 |
141004t20152015cau b 000 1 eng d |
| 035 |
|
|
|a (OCoLC)ocn892460224
|
| 040 |
|
|
|a BTCTA
|b eng
|e rda
|c BTCTA
|d BDX
|d YDXCP
|d IDU
|d NZAUC
|d OCLCO
|d IUL
|d CDX
|d OCLCO
|d OCLCQ
|d OCLCO
|
| 019 |
|
|
|a 930592670
|
| 020 |
|
|
|a 9781908276605
|
| 020 |
|
|
|a 1908276606
|
| 024 |
8 |
|
|a 40025525524
|
| 029 |
1 |
|
|a NZ1
|b 16138358
|
| 035 |
|
|
|a (OCoLC)892460224
|
| 050 |
|
4 |
|a PQ7798.13.O5
|b S813 2015
|
| 082 |
0 |
4 |
|a 863.6/2
|2 23
|
| 049 |
|
|
|a TXAM
|
| 100 |
1 |
|
|a Conti, Haroldo,
|d 1925-1976,
|e author.
|
| 240 |
1 |
0 |
|a Sudeste.
|l English
|
| 245 |
1 |
0 |
|a Southeaster /
|c Haroldo Conti ; translated from the Spanish by Jon Lindsay Miles ; [afterword by John King].
|
| 246 |
3 |
|
|a South-East
|
| 264 |
|
1 |
|a Los Angeles :
|b And Other Stories,
|c 2015.
|
| 264 |
|
4 |
|c ©2015
|
| 300 |
|
|
|a 247 pages ;
|c 20 cm
|
| 336 |
|
|
|a text
|b txt
|2 rdacontent
|
| 337 |
|
|
|a unmediated
|b n
|2 rdamedia
|
| 338 |
|
|
|a volume
|b nc
|2 rdacarrier
|
| 500 |
|
|
|a Translation from Spanish of: Sudeste.
|
| 500 |
|
|
|a Originally published in English translation as South-East.
|
| 504 |
|
|
|a Includes bibliographical references (pages 246-247).
|
| 520 |
|
|
|a "Over the course of a season, Boga and the old man have worked side by side on the sandbanks of the Paraná Delta, cutting reeds to sell to local basket weavers. But when the old man falls sick and dies, Boga abandons himself entirely to the river and the life of solitary dirfting he has long yearned for."--Back cover.
|
| 650 |
|
0 |
|a Solitude
|v Fiction.
|
| 650 |
|
0 |
|a Self-actualization (Psychology)
|v Fiction.
|
| 700 |
1 |
|
|a Miles, Jon Lindsay,
|d 1956-
|e translator.
|
| 700 |
1 |
|
|a King, John,
|d 1950-
|e author of afterword.
|
| 938 |
|
|
|a Brodart
|b BROD
|n 111055202
|
| 938 |
|
|
|a Baker and Taylor
|b BTCP
|n BK0015765655
|
| 938 |
|
|
|a Coutts Information Services
|b COUT
|n 29863954
|
| 938 |
|
|
|a YBP Library Services
|b YANK
|n 12041589
|
| 947 |
|
|
|a A14843349573
|
| 945 |
|
|
|a PromptCat
|b 444585
|
| 946 |
|
|
|a stk
|
| 994 |
|
|
|a 92
|b TXA
|
| 948 |
|
|
|a Cataloged
|b h
|c 2016/1/6
|d c
|e AReeder
|
| 999 |
f |
f |
|s 38b6e3fa-a745-35db-8fc0-a2143d71c63c
|i a50cc756-62e7-3b8f-8f7c-83de6cdb5eaa
|t 0
|
| 952 |
f |
f |
|p normal
|a Texas A&M University
|b College Station
|c Sterling C. Evans Library
|d Evans: Library Stacks
|t 0
|e PQ7798.13.O5 S813 2015
|h Library of Congress classification
|i unmediated -- volume
|m A14843349573
|
| 998 |
f |
f |
|a PQ7798.13.O5 S813 2015
|t 0
|l Evans: Library Stacks
|